zpět

Detail výsledku týmu

Penzion Betty, Okounov

Datum a čas kvízu

25 Celkem bodů Celkový počet nahraných bodů na tomto kvízu bez doplňovacích otázek.
4. Pořadí na kvízu Konečné umístění týmu na tomto kvízu.

Zaznamenané odpovědi

# Otázka Odpověď Body Výsledky
1. Ekonomka a bývalá rektorka brn... Danuše Nerudová 1
2. Velkolepé čtyřdenní oslavy pla... medvídek (Paddington) 0
3. V neděli došlo v pařížském Lou... dort 1
4. V úterý jsme se dozvěděli, že... Orsay 0
5. Hokejista Jaromír Jágr předsta... konopí 1
6. V dalším díle této tematické s... C 1
7. Paulinie nápojná je známá hlav... guarana 0
8. Tento jihoamerický dravý pták... kondor 1
9. S podobně vypadajícím zvířetem... ocelot 0
10. Broméliovité je čeleď rostlin... A 0